SLI-DES-HOW: Nine-Letter Words Quiz Stats

Quiz Updated Sep 27, 2016

Challenge
Share
Tweet
Score 0/20 Timer 12:00
2 Plays Today
% Correct
ARMISTICE
94.7%
TARANTULA
85.5%
DESPERADO
85%
MILESTONE
67.6%
LIMOUSINE
62.9%
WEEKNIGHT
60.2%
TOOTHACHE
58.3%
BILINGUAL
56.7%
PISTACHIO
54.7%
RESTRAINT
52.3%
% Correct
CITIZENRY
51.9%
TIMEPIECE
49.8%
LUMINESCE
42.4%
PERIMETER
42.1%
INTESTINE
41.1%
WASTELAND
40.7%
BLEMISHED
40.4%
SCOUNDREL
39%
PENTHOUSE
34.9%
MANIFESTO
32.6%

You're not logged in!

Compare scores with friends on all Sporcle quizzes.
Sign Up with Email
OR
Log In

You Might Also Like...

Show Comments

Extras

Top Quizzes Today


Score Distribution

Your Account Isn't Verified!

In order to create a playlist on Sporcle, you need to verify the email address you used during registration. Go to your Sporcle Settings to finish the process.